[Event "Berlin Lichtenberger op 16th"]
[Site "Berlin"]
[Date "2017.08.24"]
[Round "6"]
[White "Kluehs, Gustaf"]
[Black "Lischeid, Kilian"]
[Result "0-1"]
[WhiteElo "1680"]
[BlackElo "1719"]
[PlyCount "82"]
[EventDate "2017.08.19"]
[EventType "swiss"]
[EventRounds "9"]
[EventCountry "GER"]
[SourceTitle "CBM 180 Extra"]
[Source "ChessBase"]
[SourceDate "2017.10.06"]
[SourceVersion "1"]
[SourceVersionDate "2017.10.06"]
[SourceQuality "1"]

1. b4 d5 2. Bb2 Nf6 3. Nf3 Bf5 4. d3 e6 5. a3 c5 6. bxc5 Bxc5 7. d4 Bd6 8. e3 Qc7 9. Bd3 Ne4 10. h3 Nd7 11. Nbd2 Rc8 12. Nh4 Nxf2 13. Kxf2 Bg3+ 14. Ke2 Bxh4 15. Bxf5 exf5 16. Rc1 0-0 17. c4 Qa5 18. Nf3 Bg3 19. Qb3 dxc4 20. Rxc4 Qa6 21. Rhc1 Nb6 22. Nd2 Nxc4 23. Nxc4 Qc6 24. Kf1 Rfe8 25. Ne5 Qa6+ 26. Kg1 Rxc1+ 27. Bxc1 Bxe5 28. dxe5 Rxe5 29. Bb2 Re6 30. Qc3 f6 31. Kf2 Qc6 32. Qb3 Kf7 33. Bd4 a6 34. a4 b5 35. axb5 axb5 36. Qa3 Qc4 37. Bc5 Rc6 38. Qa7+ Kg6 39. Bf8 Rc7 40. Qa3 f4 41. Bd6 fxe3+ 0-1

[Event "Berlin Spandau op 1st"]
[Site "Berlin"]
[Date "2015.12.27"]
[Round "1"]
[White "Meister, Jakob"]
[Black "Lischeid, Kilian"]
[Result "1-0"]
[WhiteElo "2445"]
[BlackElo "1706"]
[PlyCount "111"]
[EventDate "2015.12.27"]
[EventType "swiss"]
[EventRounds "7"]
[EventCountry "GER"]
[SourceTitle "EXT 2022"]
[Source "ChessBase"]
[SourceDate "2021.10.06"]
[SourceVersion "1"]
[SourceVersionDate "2021.10.06"]
[SourceQuality "1"]

1. d4 e6 2. Bf4 Nf6 3. e3 d5 4. c4 Be7 5. Nc3 a6 6. cxd5 Nxd5 7. Nxd5 exd5 8. Bd3 h6 9. Nf3 Nd7 10. Qc2 c5 11. dxc5 Nxc5 12. 0-0 0-0 13. Rfd1 Nxd3 14. Qxd3 Be6 15. Be5 Rc8 16. Bc3 b5 17. a3 Bf6 18. Bxf6 Qxf6 19. Qd4 Qxd4 20. Nxd4 Rc4 21. Kf1 Rfc8 22. Ke1 Kf8 23. Kd2 Ke7 24. b3 R4c7 25. Rac1 Kd6 26. Rxc7 Rxc7 27. Rg1 h5 28. h4 Bc8 29. f3 f6 30. g4 hxg4 31. fxg4 g5 32. h5 Ke5 33. Kd3 Rf7 34. Nf3+ Kd6 35. Ke2 Rc7 36. Nd4 Ke5 37. Kf3 Rf7 38. Rg2 Bd7 39. b4 Kd6 40. Kg3 Ke5 41. Kf3 Bc8 42. Rc2 Bd7 43. Rd2 Rh7 44. Kg3 Ke4 45. Nf3 Rf7 46. Rd4+ Kxe3 47. Rxd5 Bc8 48. Rd8 Bb7 49. Re8+ Kd3 50. Kf2 Kc3 51. Re3+ Kc4 52. Nd2+ Kd4 53. Nb3+ Kd5 54. Rd3+ Kc4 55. Ke3 Re7+ 56. Kd2 1-0

[Event "Berlin Lichtenberger op 14th"]
[Site "Berlin"]
[Date "2015.08.22"]
[Round "8"]
[White "Lischeid, Kilian"]
[Black "Jaeger, Andre"]
[Result "0-1"]
[WhiteElo "1652"]
[BlackElo "1942"]
[PlyCount "104"]
[EventDate "2015.08.15"]
[EventType "swiss"]
[EventRounds "9"]
[EventCountry "GER"]
[SourceTitle "EXT 2016"]
[Source "ChessBase"]
[SourceDate "2015.10.08"]
[SourceVersion "1"]
[SourceVersionDate "2015.10.08"]
[SourceQuality "1"]

1. d4 Nf6 2. c4 d6 3. Nc3 Nbd7 4. Nf3 g6 5. e4 Bg7 6. h3 0-0 7. Qc2 e5 8. d5 a5 9. Be3 Nh5 10. Bd3 Nf4 11. 0-0 h6 12. Qd2 Nxd3 13. Qxd3 f5 14. Na4 f4 15. Bd2 g5 16. Nh2 Qe8 17. Qe2 Nf6 18. Nc3 h5 19. Nb5 Qd7 20. f3 c6 21. Nc3 Qf7 22. Na4 Ra6 23. dxc6 bxc6 24. Kh1 Qg6 25. c5 Ra7 26. Rfe1 d5 27. exd5 Nxd5 28. Nc3 Bf5 29. Ne4 Rb8 30. Rab1 Nb4 31. Bxb4 Rxb4 32. Red1 Rd4 33. Nf1 Rad7 34. Nd6 Bd3 35. Qf2 Bf6 36. Nd2 g4 37. N2e4 Bxe4 38. fxe4 Rxd1+ 39. Rxd1 Be7 40. hxg4 hxg4 41. Kg1 Bxd6 42. cxd6 Rxd6 43. Rxd6 Qxd6 44. Qe2 Qd7 45. Kf1 Kg7 46. Ke1 Kf6 47. a3 Kg5 48. Kf1 Qd4 49. Qc2 c5 50. Qe2 c4 51. Qc2 g3 52. Qe2 a4 0-1

[Event "Berlin Lichtenberger op 13th"]
[Site "Berlin"]
[Date "2014.08.22"]
[Round "7"]
[White "Lischeid, Kilian"]
[Black "Schulz, Hartmut"]
[Result "0-1"]
[WhiteElo "1642"]
[BlackElo "2106"]
[PlyCount "56"]
[EventDate "2014.08.16"]
[EventType "swiss"]
[EventRounds "9"]
[EventCountry "GER"]
[SourceTitle "CBM 161 Extra"]
[Source "ChessBase"]
[SourceDate "2014.08.29"]
[SourceVersion "1"]
[SourceVersionDate "2014.08.29"]
[SourceQuality "1"]

1. c4 c6 2. d4 d5 3. Nc3 Nf6 4. Nf3 e6 5. Bf4 dxc4 6. e3 b5 7. a4 Bb4 8. Be2 Bb7 9. 0-0 a6 10. Qc2 Nbd7 11. Ne5 Nb6 12. Bf3 Nbd5 13. Bg3 Rc8 14. Ne4 Nxe4 15. Bxe4 Nf6 16. axb5 axb5 17. Ra7 Qb6 18. Rfa1 0-0 19. Bh4 Nxe4 20. Qxe4 Ra8 21. Rxa8 Rxa8 22. Rxa8+ Bxa8 23. Qf4 Qa7 24. g3 Bf8 25. Ng4 f5 26. Ne5 c5 27. Nf3 Qb7 28. Kg2 b4 0-1

[Event "Berlin Lichtenberger op 13th"]
[Site "Berlin"]
[Date "2014.08.21"]
[Round "6"]
[White "Kohlmeyer, Dagobert"]
[Black "Lischeid, Kilian"]
[Result "0-1"]
[WhiteElo "1888"]
[BlackElo "1642"]
[PlyCount "100"]
[EventDate "2014.08.16"]
[EventType "swiss"]
[EventRounds "9"]
[EventCountry "GER"]
[SourceTitle "CBM 161 Extra"]
[Source "ChessBase"]
[SourceDate "2014.08.29"]
[SourceVersion "1"]
[SourceVersionDate "2014.08.29"]
[SourceQuality "1"]

1. e4 c5 2. Nf3 Nc6 3. d4 cxd4 4. Nxd4 g6 5. Nc3 Bg7 6. Be3 d6 7. Qd2 Nf6 8. f3 0-0 9. 0-0-0 Bd7 10. g4 Ne5 11. Be2 Qc8 12. h4 Nc4 13. Bxc4 Qxc4 14. h5 b5 15. hxg6 fxg6 16. Nb3 a5 17. Bh6 Rf7 18. Bxg7 Kxg7 19. Nd5 Nxd5 20. exd5 Rc8 21. c3 b4 22. Qd4+ Qxd4 23. Nxd4 bxc3 24. bxc3 Rxc3+ 25. Kb2 Rc8 26. Rd2 Rf4 27. Re2 Kf6 28. Rd2 Rc4 29. Nc2 Rxf3 30. Rxh7 Bxg4 31. Re2 Bf5 32. Rh8 Kg7 33. Ra8 Bxc2 34. Rxc2 Rb4+ 35. Kc1 Rf1+ 36. Kd2 Rf2+ 37. Kd3 Rxc2 38. Kxc2 Rb5 39. Kc3 Rxd5 40. a4 g5 41. Rb8 g4 42. Rb5 Rc5+ 43. Kd3 Kf6 44. Rb8 Ke5 45. Ke3 Rc4 46. Rb5+ Rc5 47. Rb8 d5 48. Rg8 Rc4 49. Rg5+ Kd6 50. Rg6+ e6 0-1